Starting and Managing the Small Business (Record no. 728)
[ view plain ]
| 000 -LEADER | |
|---|---|
| fixed length control field | 02567cam a22002414a 4500 |
| 005 - ΗΜΕΡΟΜΗΝΙΑ ΚΑΙ ΩΡΑ ΤΕΛΕΥΤΑΙΑΣ ΕΝΗΜΕΡΩΣΗΣ | |
| Πεδίο ελέγχου | 20250605163944.0 |
| 008 - FIXED-LENGTH DATA ELEMENTS--GENERAL INFORMATION | |
| Πεδίο ελέγχου σταθερού μήκους | 250528s ||||||||||||||||||||||||d |
| 035 ## - SYSTEM CONTROL NUMBER | |
| System control number | 15134 |
| 020 ## - ISBN | |
| ISBN | 70358257 |
| 040 ## - ΠΗΓΗ ΚΑΤΑΛΟΓΟΓΡΑΦΗΣΗΣ | |
| Φορέας πρωτότυπης καταλογογράφησης | MC Athens Campus Library |
| Γλώσσα καταλογογράφησης | Ελληνικά, Μοντέρνα (1453-) |
| Modifying agency | MC Athens Campus Library |
| Κανόνες περιγραφικής καταλογογράφησης | AACR2 |
| 245 1# - ΤΙΤΛΟΣ ΚΑΙ ΔΗΛΩΣΗ ΥΠΕΥΘΥΝΟΤΗΤΑΣ | |
| Τίτλος | Starting and Managing the Small Business |
| 250 ## - EDITION STATEMENT | |
| Edition statement | 3rd |
| 260 ## - PUBLICATION, DISTRIBUTION, ETC. | |
| Name of publisher, distributor, etc. | Mcgraw Hill, Inc, |
| Date of publication, distribution, etc. | 1993 |
| 300 ## - PHYSICAL DESCRIPTION | |
| Extent | 714 |
| 505 0# - FORMATTED CONTENTS NOTE | |
| Formatted contents note | Preface, What You Should Bring to Your Business, The Need for Balanced Business Experience, Personal Sectors in Starting a Business, Finding a Sound Idea for a Business, Understanding Marketing for Your Small Business, Your Small Business as a Marketing System, Analyzing Your Market and Consumer Behavior, Reaching Your Customer, Managing Your Customer Relations, Retail and Service and Manufacturing Businesses, Controlling Your Retail Operations, Marketing the Service Business, Managing International Trade, Managing Your Manufacturing Operations, Achieving Proactive Financial Management, Raising Money for Your Business, Managing Your Financial Requirements, Management Information and Computers, Buying a Business Opportunity, Buying a Going Business, Is Franchising the Way to Go?, Deciding on Some Key Legal Matters, Some Crucial Management Functions, Managing Business Risk, Managing Your Personnel Function, Surving: Managing for Productivity and Growth, Appendices, Glossary, Index. |
| 520 ## - SUMMARY, ETC. | |
| Summary, etc. | Preface, What You Should Bring to Your Business, The Need for Balanced Business Experience, Personal Sectors in Starting a Business, Finding a Sound Idea for a Business, Understanding Marketing for Your Small Business, Your Small Business as a Marketing System, Analyzing Your Market and Consumer Behavior, Reaching Your Customer, Managing Your Customer Relations, Retail and Service and Manufacturing Businesses, Controlling Your Retail Operations, Marketing the Service Business, Managing International Trade, Managing Your Manufacturing Operations, Achieving Proactive Financial Management, Raising Money for Your Business, Managing Your Financial Requirements, Management Information and Computers, Buying a Business Opportunity, Buying a Going Business, Is Franchising the Way to Go?, Deciding on Some Key Legal Matters, Some Crucial Management Functions, Managing Business Risk, Managing Your Personnel Function, Surving: Managing for Productivity and Growth, Appendices, Glossary, Index. |
| 700 1# - ΠΡΟΣΘΕΤΗ ΑΝΑΓΡΑΦΗ--ΦΥΣΙΚΟ ΠΡΟΣΩΠΟ | |
| Personal name | Cloud Douglas |
| 9 (RLIN) | 986 |
| 700 1# - ΠΡΟΣΘΕΤΗ ΑΝΑΓΡΑΦΗ--ΦΥΣΙΚΟ ΠΡΟΣΩΠΟ | |
| Personal name | Hemphill M. John |
| 9 (RLIN) | 987 |
| 700 1# - ΠΡΟΣΘΕΤΗ ΑΝΑΓΡΑΦΗ--ΦΥΣΙΚΟ ΠΡΟΣΩΠΟ | |
| Personal name | Kuriloff H. Arthur |
| 9 (RLIN) | 988 |
| 942 ## - ADDED ENTRY ELEMENTS (KOHA) | |
| Koha item type | Books |
| Τύπος τεκμηρίου | Βιβλιοθήκη | Τρέχουσα τοποθεσία | Barcode | Αριθμός εισαγωγής | Ημερομηνία απόκτησης | Ταξιθετικό σύμβολο | Αριθμός αντιτύπου | Κατάσταση απόσυρσης | Κατάσταση χαμένου | Κατάσταση κατεστραμμένου | Μη δανεισμός | Σύνολο δανεισμών | Ημερομηνία τελευταίας εμφάνισης | Η τιμή ισχύει από |
|---|---|---|---|---|---|---|---|---|---|---|---|---|---|---|
| Books | MC Athens Campus Library | MC Athens Campus Library | 9780000007278 | 1365 | 05/06/2025 | 658.02/2 KUR | 1 | 05/06/2025 | 05/06/2025 |